[Event "ESP-ch U14"]
[Site "Salobrena"]
[Date "2024.07.15"]
[Round "1"]
[White "Bascunana Sanchez, Pablo"]
[Black "Silva Martin, Santiago"]
[Result "1-0"]
[WhiteElo "2092"]
[BlackElo "1743"]
[PlyCount "89"]
[EventDate "2024.07.15"]
[EventType "swiss"]
[EventRounds "9"]
[EventCountry "ESP"]
[SourceTitle "EXT 2025"]
[Source "ChessBase"]
[SourceDate "2024.10.14"]
[SourceVersion "1"]
[SourceVersionDate "2024.10.14"]
[SourceQuality "1"]

1. e4 e5 2. Nf3 Nc6 3. Bb5 Nd4 4. Nxd4 exd4 5. 0-0 c6 6. Be2 d5 7. exd5 cxd5 8. Re1 Ne7 9. b3 Be6 10. Bb2 Qb6 11. a4 a6 12. d3 0-0-0 13. Nd2 Qc5 14. Nf3 Nc6 15. Ng5 Qe7 16. Nxe6 fxe6 17. Bg4 Qg5 18. Rxe6 Kc7 19. Bc1 Qh4 20. g3 Qe7 21. Bf4+ Kb6 22. Rxe7 Bxe7 23. a5+ Nxa5 24. Rxa5 Kxa5 25. Bc7+ Kb5 26. Qa1 Kc6 27. Bxd8 Rxd8 28. Qxd4 Bf6 29. Qe3 d4 30. Qe4+ Kb6 31. Bf3 Rb8 32. Qxh7 g5 33. Qh6 Ka7 34. Qxf6 a5 35. Qxd4+ Ka6 36. Qd6+ Ka7 37. Qc5+ b6 38. Qc7+ Ka6 39. Qxb8 Kb5 40. Qe5+ Ka6 41. Bc6 Ka7 42. Qb5 Kb8 43. Qxb6+ Kc8 44. Qb7+ Kd8 45. Qd7# 1-0